000 00444cam a2200181ua 4500
020 _c12.00
041 _ahin
_h
082 _a891.4
_bJAW/HI
100 _aJawaharlal, Nehru .
245 _aHindusthan ki kahani /
_cNehru Jawaharlal.
_hTextual Documents
250 _a1 /
_b.
260 _aNewdelhi :
_bSastra sahithya madal ,
_c1899.
300 _a540 ; .
365 _a12.00
504 _a
942 _cBK
999 _c3694
_d3694